Normal view MARC view
  • Blyton, Enid,

Entry Nombre Personal

Number of records used in: 31

001 - NUMERO DE CONTROL

  • campo de control: 31287

003 - IDENTIFICADOR DE NUMERO DE CONTROL

  • campo de control: UPN

005 - FECHA Y HORA DE LA ÜLTIMA TRANSACCIÓN

  • campo de control: 20210219194421.0

008 - DATOS DE LONGITUD FIJA

  • campo de control de longitud fija: nabaccnnaabn|||||||||| b |nc|||||d

035 ## - NUMERO DE CONTROL

  • Número de control: UPN11000003393

040 ## - FUENTE DE CATALOGACIÓN

  • Lenguaje de catalogación: SPA
  • Agencia de transcripción: UPN

053 #4 - NÚMERO DE CLASIFICACIÓN LC

  • Número de clasificación elemento-número único o número inicial de tramo: PR6003 L9.8

100 1# - ENCABEZAMIENTO - NOMBRE PERSONAL

  • Nombre personal: Blyton, Enid,
  • Fechas asociadas con el nombre: 1897-1968

670 ## - FUENTE EN LA QUE SE LOCALIZARON DATOS

  • Cita de la fuente: T
  • Uniform Resource Identifier: http://www.editorialjuventud.es/blytonbiogr.htm

680 ## - NOTA PUBLICA DE ACCESO PÚBLICO

  • Frase explicativa de la referencia: Escritora inglesa

902 ## - CATALOGADOR

  • Catalogador: CAA/070911